Nfl team quiz-3 minutes - Statistics

General Stats
  • This quiz has been taken 37 times
    30 since last reset
  • The average score is 26 of 32
Answer Stats
Answer % Correct
Chiefs
96%
Ravens
91%
Bears
87%
Bills
87%
Commanders
87%
Cowboys
87%
Jets
87%
Lions
87%
Panthers
87%
Patriots
87%
Giants
83%
Raiders
83%
Rams
83%
Texans
83%
Titans
83%
49ers
78%
Browns
78%
Chargers
78%
Dolphins
78%
Eagles
78%
Jaguars
78%
Packers
78%
Saints
78%
Seahawks
78%
Broncos
74%
Cardinals
74%
Falcons
74%
Steelers
74%
Vikings
74%
Buccaneers
70%
Colts
70%
Bengals
65%
No matching quizzes found
Score Distribution
Percent of People with Each Score
Percentile by Number Answered
Your Score History
You have not taken this quiz since the last reset